00511 2200205 4500001002100000005001500021035002000036007000300056008004100059020001800100082000800118084001400126100001300140245006400153260003200217300002100249856001700270990000900287990000900296INLIS00000000000098120220914073248 a0010-0922000262ta220914 g 0 ind  a9789793077420 a510 a510 WAH p0 aWahyudin1 aPengenalan matematika dasar 2 :bbuku pengayaan untuk siswa aJakarta :bIPA Abong,c2008 a170 jil ;c26 cm aKoleksi Umum a1756 a1757